|
|
|
|
| LEADER |
00000nam0a2200000 4500 |
| 001 |
158937 |
| 005 |
20260413141147.0 |
| 035 |
|
|
|a (RuTPU)RU\TPU\book\172377
|
| 035 |
|
|
|a RU\TPU\book\108685
|
| 090 |
|
|
|a 158937
|
| 100 |
|
|
|a 20090429d2008 m y0rusy50 ca
|
| 101 |
0 |
|
|a rus
|
| 102 |
|
|
|a RU
|
| 105 |
|
|
|a a j 001zy
|
| 200 |
1 |
|
|a Представление знаний в информационных системах
|e учебное пособие
|f В. Г. Спицын, Ю. Р. Цой
|g Томский политехнический университет
|
| 210 |
|
|
|a Томск
|c Изд-во ТПУ
|d 2008
|
| 215 |
|
|
|a 152 с.
|c ил.
|
| 225 |
1 |
|
|a Инновационная образовательная программа
|
| 320 |
|
|
|a Библиогр.: с. 147-148.
|
| 330 |
|
|
|a В учебном пособии рассматриваются современные модели представления знаний в информационных системах и принципы построения экспертных систем; обсуждаются проблемы применения нечеткой логики, генетических алгоритмов и нейронных сетей в интеллектуальных информационных системах; содержатся методические указания и задания для выполнения лабораторных работ. Разработано в рамках реализации Инновационной образовательной программы ТПУ по направлению «Информационно-коммуникационные системы и технологии» и предназначено для студентов, обучающихся по магистерской программе «Компьютерный анализ и интерпретация данных» направления «Информатика и вычислительная техника».
|
| 451 |
|
1 |
|0 (RuTPU)RU\TPU\book\108685
|t Представление знаний в информационных системах
|o учебное пособие
|f В. Г. Спицын, Ю. Р. Цой
|g Томский политехнический университет
|c Томск
|n Изд-во ТПУ
|d 2006
|p 146 с.
|s Учебники Томского политехнического университета
|a Спицын, Владимир Григорьевич
|
| 452 |
|
1 |
|0 (RuTPU)RU\TPU\book\204811
|t Представление знаний в информационных системах
|o учебное пособие
|f В. Г. Спицын, Ю. Р. Цой
|g Томский политехнический университет (ТПУ)
|c Томск
|n Изд-во ТПУ
|d 2008
|a Спицын, Владимир Григорьевич
|
| 606 |
1 |
|
|a Знания
|x Системы управления
|2 stltpush
|3 (RuTPU)RU\TPU\subj\64460
|9 81354
|
| 610 |
1 |
|
|a информационные системы
|
| 610 |
1 |
|
|a искусственный интеллект
|
| 610 |
1 |
|
|a экспертные системы
|
| 610 |
1 |
|
|a архитектура
|
| 610 |
1 |
|
|a генетические алгоритмы
|
| 610 |
1 |
|
|a информатика
|
| 610 |
1 |
|
|a нечеткая логика
|
| 610 |
1 |
|
|a искусственные нейронные сети
|
| 610 |
1 |
|
|a учебные пособия
|
| 610 |
1 |
|
|a труды учёных ТПУ
|
| 610 |
1 |
|
|a темы
|
| 610 |
1 |
|
|a лабораторные работы
|
| 610 |
1 |
|
|a задания
|
| 610 |
1 |
|
|a интернет-ресурсы
|
| 610 |
1 |
|
|a рефераты
|
| 675 |
|
|
|a 681.51.012(075.8)
|v 3
|
| 700 |
|
1 |
|a Спицын
|b В. Г.
|c специалист в области информатики и вычислительной техники
|c профессор Томского политехнического университета, доктор технических наук
|f 1948-
|g Владимир Григорьевич
|9 9740
|
| 701 |
|
1 |
|a Цой
|b Ю. Р.
|c специалист в области информатики и вычислительной техники
|c доцент Томского политехнического университета, кандидат технических наук
|f 1981-
|g Юрий Робертович
|9 11643
|
| 712 |
0 |
2 |
|a Томский политехнический университет
|3 (RuTPU)RU\TPU\col\376
|
| 801 |
|
1 |
|a RU
|b 63413507
|c 20060830
|g PSBO
|
| 801 |
|
2 |
|a RU
|b 63413507
|c 20201110
|g PSBO
|
| 942 |
|
|
|c BK
|